000 01143nam a22003497a 4500
003 CHAP
005 20220329141123.0
008 971010s1983 r 00010 d
010 _a62927
011 _a63899
035 _a68571
040 _cCHAP
082 _a631.6
_bS5
100 0 0 _aSmedema, Lambert K.
_9106920
245 _aLand drainage
_b: planning and design of agricultural drainage systems
260 _aIthaca, N.Y. :
_bCornell University,
_c1983
300 _a376 p.
590 _aBATCH-UPD
_b10
_c20130109
_lUCH01
_h2308
590 _aBATCH-UPD
_b10
_c20130110
_lUCH01
_h0913
590 _aBATCH-UPD
_b10
_c20130410
_lUCH01
_h0537
590 _aBATCH-UPD
_b10
_c20130914
_lUCH01
_h1221
590 _aCONVERSION
_b10
_c20130109
_lUCH01
_h1334
650 1 4 _aDrenaje.
_934190
650 1 4 _aHidrología.
_955257
650 1 4 _aSuelos salinos.
_9110558
650 1 4 _aSuelos
_xConservación.
_9110283
700 0 _aRycroft, David W.
_9101032
901 _aBK
942 _cLIBRO
949 _a631.6 S5
_bBC
_cLIBRO
_d33724000163689
_eLIBRO
_gI. 128618
_h66820
_i68571
_si
949 _a631.6 S5
_bS
_cLIBRO
_d-696
_eLIBRO
_gI.144192
_h3342
_i68571
_si
999 _c62927
_d62927